Normal view
MARC view
- Beer, Ferdinand P.
Entry Personal Name
001 - CONTROL NUMBER
- control field: 19220
003 - CONTROL NUMBER IDENTIFIER
- control field: NUST
005 - DATE AND TIME OF LATEST TRANSACTION
- control field: 20190809045418.0
008 - FIXED-LENGTH DATA ELEMENTS
- fixed length control field: 190809|| aca||aabn | a|a d
040 ## - CATALOGING SOURCE
- Original cataloging agency: NUST
- Transcribing agency: NUST
100 ## - HEADING--PERSONAL NAME
- Personal name: Beer, Ferdinand P.
- Fuller form of name: (Ferdinand Pierre),
- Dates associated with a name: 1915-2003,
- Relator term: author.
670 ## - SOURCE DATA FOUND
- Source citation: Work cat.: (NUST)0: Beer, Ferdinand P. (Ferdinand Pierre), 1915-2003, author., VECTOR MECHANICS FOR ENGINEERS STATICS \ Dynamics /
